| 000 | 00528nam a2200193Ia 4500 | ||
|---|---|---|---|
| 003 | GCL | ||
| 008 | 140319s9999 xx 000 0 eng d | ||
| 040 |
_aGCL / _cGCL |
||
| 082 | 0 | 4 |
_a551.6 _bC H |
| 100 | 1 | _aCOTTON, WILLIAM R. | |
| 245 | 1 | 0 |
_aHUMAN IMPACTS ON WEATHER AND CLIMATE / _cCOTTON, WILLIAM R. |
| 700 | 1 | _aPIELKE, ROGER A. | |
| 260 |
_a[S.N] : _bCAMBRIDGE UNIVERSITY PRESS ، _c1995 |
||
| 300 | _a288 P | ||
| 650 | 0 | 4 | _aWEATHER |
| 650 | 0 | 4 | _aCLIMATIC CHANGES CONGRESSES |
| 650 | 0 | 4 | _aCLIMATOLOGY |
| 942 |
_2ddc _cBK |
||
| 999 |
_c23894 _d23894 |
||